Национален музей на Българо-Съветската дружба / (Record no. 74672)
[ view plain ]
| 000 -LEADER | |
|---|---|
| fixed length control field | 01029nam a22002417a 4500 |
| 003 - CONTROL NUMBER IDENTIFIER | |
| control field | SEM |
| 005 - DATE AND TIME OF LATEST TRANSACTION | |
| control field | 20250801150639.0 |
| 008 - FIXED-LENGTH DATA ELEMENTS--GENERAL INFORMATION | |
| fixed length control field | 240305s1978 ru ||||gr||||||01|||rus|d |
| 040 ## - CATALOGING SOURCE | |
| Original cataloging agency | SEM |
| Transcribing agency | SEM |
| 041 ## - LANGUAGE CODE | |
| Language code of text/sound track or separate title | rus |
| Language code of original | bulg |
| 080 ## - UNIVERSAL DECIMAL CLASSIFICATION NUMBER | |
| Universal Decimal Classification number | 069.538(49.72)/Н-35 |
| 100 ## - MAIN ENTRY--PERSONAL NAME | |
| Personal name | Лефтерова, Анна |
| 245 ## - TITLE STATEMENT | |
| Title | Национален музей на Българо-Съветската дружба / |
| Statement of responsibility, etc. | Авт.-сост.: А. Лефтерова ; Ред.: К. Николов |
| 246 ## - VARYING FORM OF TITLE | |
| Title proper/short title | Национальный музей Болгаро-Советской дружбы / |
| 250 ## - EDITION STATEMENT | |
| Edition statement | Первое издание |
| 260 ## - PUBLICATION, DISTRIBUTION, ETC. | |
| Place of publication, distribution, etc. | София : |
| Name of publisher, distributor, etc. | ДИ "Септембри'', |
| Date of publication, distribution, etc. | 1978. |
| 300 ## - PHYSICAL DESCRIPTION | |
| Other physical details | գունավոր բացիկ-17 հատ (цветные карты-17 шт.) |
| Dimensions | 23 см |
| 650 ## - SUBJECT ADDED ENTRY--TOPICAL TERM | |
| Topical term or geographic name entry element | Каталог музея |
| Geographic subdivision | Болгария |
| -- | Россия (СССР) |
| 653 ## - INDEX TERM--UNCONTROLLED | |
| Uncontrolled term | ՍԷՄ |
| 700 ## - ADDED ENTRY--PERSONAL NAME | |
| Personal name | Лефтерова, А. |
| Relator term | авт.-сост. |
| Relationship | auth.-comp. |
| 700 ## - ADDED ENTRY--PERSONAL NAME | |
| Personal name | Николов, К. |
| Relator term | ред. |
| Relationship | edt. |
| 942 ## - ADDED ENTRY ELEMENTS (KOHA) | |
| Source of classification or shelving scheme | Universal Decimal Classification |
| Koha item type | Գրքեր/Books |
| Withdrawn status | Lost status | Source of classification or shelving scheme | Damaged status | Not for loan | Collection code | Home library | Current library | Date acquired | Inventory number | Total Checkouts | Full call number | Barcode | Date last seen | Price effective from | Koha item type | Public note |
|---|---|---|---|---|---|---|---|---|---|---|---|---|---|---|---|---|
| Universal Decimal Classification | Գրապահոց | Մայր Աթոռ Սուրբ Էջմիածին «Վաչե և Թամար Մանուկյան» Մատենադարան | Մայր Աթոռ Սուրբ Էջմիածին «Վաչե և Թամար Մանուկյան» Մատենադարան | 01/08/2025 | Рус-10922 | 069.538(49.72)/Л-53 | Рус-10922 | 01/08/2025 | 01/08/2025 | Գրքեր/Books | Սպասարկվում է ընթերցասրահ |